Príprava grantových návrhov

Na minha lista:
Detalhes bibliográficos
Autor principal: Kosztolányi, István (Author)
Formato: Livro
Idioma:eslovaco
Publicado em: Baltimore : The Johns Hopkins University Institute for Policy Studies, 1997
Assuntos:
Tags: Adicionar Tag
Sem tags, seja o primeiro a adicionar uma tag!

MARC

LEADER 00000nam a22000003a 4500
001 stu74448
005 20150617225647.7
008 020228s1997----xxu-----------------slo-d
020 |a 1-886333-28-9 
040 |a STU  |b slo 
041 0 |a slo 
044 |a xxu 
080 |a 061.2:336.1/.5 
100 1 |a Kosztolányi, István  |4 aut 
245 1 |a Príprava grantových návrhov 
260 |a Baltimore :  |b The Johns Hopkins University Institute for Policy Studies,  |c 1997 
300 |a 28 s 
650 7 |a sektory neziskové  |2 stusub 
650 7 |a granty  |2 stusub 
996 |b 284M034932  |c M*B-262  |l MMKN  |s A  |a 24  |w stu74448_0001